South America Population Map Crawl Quiz Stats

 Plays Quiz Updated Oct 29, 2017

Challenge
Share
Tweet
Score 0/8 Timer 01:00
10 Plays Today
% Correct
???
86.9%
???
84.8%
???
83%
???
82.9%
???
72.8%
???
64.1%
???
53.9%
???
41.1%

You're not logged in!

Compare scores with friends on all Sporcle quizzes.
OR
Log In

You Might Also Like...

Show Comments

Extras

Top Quizzes Today


Score Distribution

Your Account Isn't Verified!

In order to create a playlist on Sporcle, you need to verify the email address you used during registration. Go to your Sporcle Settings to finish the process.

Report this User

Report this user for behavior that violates our Community Guidelines.

Details: